MARC

Tag First Indicator Second Indicator Subfields
LEADER 00000cas a2200000 a 4500
001 in00002531709
005 20220106091332.0
006 m o d
007 cr |||||||||||
008 091123d20062008mdu x o f0 a0eng c
010 |a  2009231550 
022 0 |a 2152-5404  |l 2152-5404  |2 1 
035 |a (OCoLC)ocn468838150 
040 |a GPO  |b eng  |c GPO  |d DLC  |d OCLCQ  |d OCLCO  |d OCLCA  |d GPO  |d MvI  |d UtOrBLW 
042 |a pcc  |a nsdp 
043 |a n-us--- 
049 |a WWW 
050 1 0 |a ISSN RECORD 
074 |a 0497-D-47 (online) 
082 1 0 |a 362  |2 14 
086 0 |a HE 20.429/2: 
222 0 |a Substance abuse in brief fact sheet  |b (Online) 
245 0 0 |a Substance abuse in brief fact sheet. 
264 1 |a Rockville, MD :  |b U.S. Dept. of Health and Human Services, Substance Abuse and Mental Health Services Administration, Center for Substance Abuse Treatment. 
300 |a 1 online resource 
310 |a Irregular 
336 |a text  |b txt  |2 rdacontent 
337 |a computer  |b c  |2 rdamedia 
338 |a online resource  |b cr  |2 rdacarrier 
362 1 |a Began with: Vol. 4, issue 1 (summer 2006); ceased with: Vol. 5, issue 1 (spring 2008). 
490 1 |a DHHS publication ;  |v no. (SMA) 
500 |a Each issue has a distinctive title. 
500 |a Each issue has also a distinctive title. 
500 |a Description based on: Volume 4, issue 1 (summer 2006); title from caption (viewed Nov. 23, 2009). 
500 |a Latest issue consulted: Volume 5, issue 1 (spring 2008). 
588 |a Description based on: Vol. 4, issue 1 (summer 2006); title from title screen (viewed Nov. 23, 2009). 
588 |a Latest issue consulted: Vol. 5, issue 1 (spring 2008). 
500 |a Electronic resource. 
650 0 |a Substance abuse  |z United States  |v Periodicals. 
650 0 |a Substance abuse  |z United States  |v Statistics  |v Periodicals. 
650 0 |a Substance abuse  |x Treatment  |z United States  |v Periodicals. 
650 0 |a Drug abuse  |z United States  |v Periodicals. 
650 0 |a Alcoholism  |z United States  |v Periodicals. 
710 2 |a Center for Substance Abuse Treatment (U.S.) 
780 0 0 |t Substance abuse in brief  |w (DLC) 2009230389  |w (OCoLC)468837020 
785 0 0 |t In brief (United States. Substance Abuse and Mental Health Services Administration)  |w (DLC) 2013230610  |w (OCoLC)856518592 
830 0 |a DHHS publication ;  |v no. (SMA) 
856 4 0 |u https://purl.fdlp.gov/GPO/LPS116601  |t 0 
856 4 0 |u https://purl.fdlp.gov/GPO/LPS116601  |z Select titles "Substance abuse in brief fact sheet "  |t 0 
999 |a MARS 
999 f f |s d1dd1ce5-842f-3d03-8abc-735d931616ed  |i 485ad4ed-bf69-3cab-8555-92114bc8080f  |t 0 
952 f f |a Texas A&M University  |b College Station  |c Electronic Resources  |d Available Online  |t 0  |e HE 20.429/2:  |h Superintendent of Documents classification 
998 f f |a HE 20.429/2:  |t 0  |l Available Online